Countries of Africa in 1914 on a Map - Statistics

General Stats
  • This quiz has been taken 4,089 times
  • The average score is 8 of 9
Answers on the Map
Answers color-coded by a green-red scale on the quiz's map according to % correct below.
 
Answer Stats
Answer % Correct
Ethiopia
95%
France
95%
United Kingdom
95%
Spain
93%
Germany
92%
Portugal
92%
Belgium
91%
Italy
91%
Liberia
89%
No matching quizzes found
Score Distribution
Percent of People with Each Score
Percentile by Number Answered
Your Score History
You have not taken this quiz